000 00532nam a2200193 4500
003 OSt
005 20140908145324.0
008 140908b xxu||||| |||| 00| 0 eng d
020 _a1856496902
040 _c040a
082 _219
_a337
_bUGA 2001
100 _aUgarteche,Oscar
_9951
245 _aThe false dilemma:
_bGlobalization, opportunity or threat? /
_cOscar Ugarteche
260 _aLondon
_bZed books
_c2001
300 _axv, 239p
_bill
_c12 cm.
504 _aincludes index
650 _aGlobalization
_9952
942 _2ddc
_cSLOAN
999 _c370
_d370